| 000 | 00685nam a2200229Ia 4500 | ||
|---|---|---|---|
| 999 |
_c36899 _d36899 |
||
| 001 | 2850 | ||
| 003 | GE_BSU | ||
| 005 | 20221116102223.0 | ||
| 008 | 181216s2007en xx |||||||||||||| ||eng|| | ||
| 020 | _a9783851323115 x | ||
| 040 | _cGE_BSU | ||
| 041 | _aeng | ||
| 080 | _a1(430)+2(430) B-13 | ||
| 100 |
_aBadiou, Alain _915845 |
||
| 245 | _aGott ist tot.kurze abhandlung üuber eine ontologie des Übergangs Aus dem Französischen von Jürgen Brankel | ||
| 260 | _aWien | ||
| 260 | _c2007 | ||
| 300 | _a206 p. 20см. | ||
| 653 | _aGolt ist tot | ||
| 653 | _akurze abhandlung üuber eine ontologie des Übergangs Aus dem Französischen von Jürgen Brankel | ||
| 942 |
_cBK _2udc |
||